000 00565nam a22001937a 4500
003 OSt
005 20260217103446.0
008 190308b2010 ||||| |||| 00| 0 eng
020 _a9789380031545
040 _cnls
082 _a343.071 SIN
100 _aSingh, S. S.
245 _aConsumer education and empowerment :
_blaws, policies and strategies /
_cS.S. Singh, Suresh Misra and Sapna Chadah
260 _aNew Delhi :
_bAbhijeet Publications,
_c2010.
650 _aConsumer law
700 _aMisra, Suresh
700 _aChadah, Sapna
942 _2ddc
_cBK
999 _c112852
_d112852